000 00499nam a2200181Ia 4500
999 _c28877
_d28877
003 OSt
005 20201218111138.0
008 190216s9999||||xx |||||||||||||| ||und||
020 _a9781405020817
040 _coclc
082 _a894.8121
_bSHE/S
100 _aShelvi
_97661
245 0 _aShelviyude Kavithakal /
_cShelvi
260 _bLipi Publication,
_aKozhikode:
_c2004.
300 _a157p
650 _aKavithkal
942 _cBK
_2ddc
_h894.8121
_iSHE/S
_k894.8121
_mSHE/S